| 000 | 00943nam a22001937a 4500 | ||
|---|---|---|---|
| 005 | 20240520145613.0 | ||
| 010 | _aHIN-127636 | ||
| 020 |
_a9789355369321 _c399.00 |
||
| 035 | _aHN-99982 | ||
| 037 | _bDBAD | ||
| 082 | _a808.88 | ||
| 100 |
_aशर्मा, हरिशंकर _966475 |
||
| 245 |
_aअपने समय का सच: _bपं राधेश्याम कथावाचक की डायरी/ _cहरिशंकर शर्मा |
||
| 260 |
_aजयपुर _bबोधि प्रकाशन _c2024 |
||
| 270 |
_aसी- 46, सुदर्शनपुर इंडस्ट्रियल एरिया एक्सटेंशन, नाला रोड, 22 गोदाम, _bजयपुर _e302006 |
||
| 300 |
_a312 प्. _c21 से.मी. (अजिल्द). |
||
| 700 |
_aशर्मा, हरिशंकर _966297 |
||
| 942 |
_2ddc _cHN _h808.88 _mशर्माह |
||
| 999 |
_c203026 _d203026 |
||